000 01390nam a22002537a 4500
005 20250409102437.0
008 250409b |||||||| |||| 00| 0 eng d
020 _a9780007160068
040 _cAL
041 _aEnglish
082 _223
_a650.1
_bBLAO
100 _aKen Blanchard
_9208012
245 _aOne Minute Apology: A Powerful Way to Make Things Better
260 _aLondon
_bHarperCollins Publishers
_c2004
300 _axi,115 p.
_bPB
_c19.5x13 cm.
365 _aIN-85368
_b₹230.91
_c
_d₹230.91
_f19-03-2025
520 _aThe One Minute Apology can help beyond the business realm and help you improve your personal relationships as well. The Young Man in this title wants to help his mentor deal with some critical mistakes he has committed. For this, he looks up to the One Minute Manager for advice, and his weekend becomes an enlightening experience. The Young Man learns how important it is to apologize when necessary and how effectively it improves several situations when egos clash. The authors discuss in this book how to own up to mistakes, accept responsibility, be accountable and deal with the very cause of the damage to keep a sincere sense of integrity.
650 _aBusiness
_9208013
650 _aManagement
_9208014
650 _aEconomics
_9208015
700 _aMCBRIDE(Margret)
_9208016
700 _aJOHNSON (Spencer)
_9208017
942 _2ddc
_cBK
999 _c234130
_d234130